| 000 | 00667nam a22002057a 4500 | ||
|---|---|---|---|
| 005 | 20251006144217.0 | ||
| 010 | _aENG-146942 | ||
| 020 |
_c2288.00 _a9789364442985 |
||
| 035 | _aEN-130474 | ||
| 037 | _bDelivery Books Act Division | ||
| 082 |
_a512.5076 _26 |
||
| 100 |
_aLipschutz Seymour _985368 |
||
| 245 |
_aLinear Algebra/ _cSeymour Lipschutz [and] Marc Lars Lipson _hEnglish |
||
| 250 | _a6 | ||
| 260 |
_aChennai _bMc Graw Hill _c2025 |
||
| 270 |
_aAnjana Complex No.5/90 A butt Road St.Thomas Mount, _bChennai _e600016 |
||
| 300 |
_avi,425p. _c28cm(pb) _bIndex |
||
| 700 |
_aLipson Marc _eAuthor _985356 |
||
| 942 |
_2ddc _cEN _mLIP _h512.5076 |
||
| 999 |
_c213567 _d213567 |
||